000 00413nam a2200145 i 4500
001 147892
003 ES-MaACL
007 t|
008 071008s1923 sp ||||1| spa d
100 1 _aUrritia Guerezta, Luis.
_9112237
245 1 0 _aEnfermedades del hígado y del páncreas /
_cLuis Urritia Guerezta.
260 _aMadrid :
_bEspasa-Calpe,
_c1923.
300 _a608 p. ;
_c26 cm.
852 _aES-MaACL
_jB-9025
999 _c147892
_d147892